Current Dictatorships on the World Map - Statistics

General Stats
  • This quiz has been taken 91 times
  • The average score is 14 of 15
Answers on the Map
Answers color-coded by a green-red scale on the quiz's map according to % correct below.
 
Answer Stats
Answer % Correct
Egypt
100%
Belarus
99%
Pakistan
99%
russia
99%
India
97%
Iran
97%
North Korea
97%
China
96%
Cuba
96%
Afghanistan
95%
Yemen
95%
Zimbabwe
95%
Mali
92%
Haiti
89%
Azerbaijan
88%
No matching quizzes found
Score Distribution
Percent of People with Each Score
Percentile by Number Answered
Your Score History
You have not taken this quiz